000 00647nam a2200289Ia 4500
005 20260324124623.0
008 008 260324s9999 xx 000 0 eng d
020 _a9781315835297
037 _aEBOOK
040 _aCRL
040 _beng
040 _cCRL
041 _2eng
041 _aeng
084 _qCRL
100 _aBarbara Levick
_91158496
245 0 _aAugustus
245 0 _bImage and Substance
260 _bTaylor and Francis
260 _c2010
365 _a
365 _b245
856 _uhttp://www.taylorfrancis.com/books/9781315835297
942 _cEBOOK
999 _c1769386
_d1769386